| 000 | 00491nam a22001817a 4500 | ||
|---|---|---|---|
| 003 | CEME | ||
| 005 | 20210628205100.0 | ||
| 008 | 210224b xxu||||| |||| 00| 0 eng d | ||
| 020 | _a0-7803-1095- | ||
| 040 | _c. | ||
| 082 | _a005.12 SIG'U | ||
| 100 |
_aSiggried, Stefan _973786 |
||
| 245 | _aUnderstanding object oriented software engineering | ||
| 260 |
_aLONDON _bIEEE _c1996 |
||
| 300 | _a450P | ||
| 650 |
_aSOFTWARE ENGINEERING OBJECT ORIENTED PROGRAMMING _973787 |
||
| 942 |
_cBK _2ddc |
||
| 999 |
_c579432 _d579432 |
||